| 000 | 00539nam a2200169 a 4500 | ||
|---|---|---|---|
| 001 | 000037901 | ||
| 005 | 20240710123701.0 | ||
| 008 | 130308s2008 dr a 000 0 spa d | ||
| 020 | _a9945000020 | ||
| 040 |
_aDO-SdBNP _bspa _cBNPHU |
||
| 100 | 1 |
_aMartínez Almanzar, Juan Francisco _d1950 - _910459 |
|
| 245 | 1 | 0 |
_aEnriquillo idolo de barro / _cJuan Francisco Martínez Almanzar. |
| 260 |
_aSanto Domingo : _bCAIS, _c2008. |
||
| 300 |
_a278 P. : _bils. ; _c22 cm. |
||
| 500 | _aIncluye notas al pie de las páginas | ||
| 504 | _aBbiliografía | ||
| 999 |
_c37391 _d37391 |
||